Doing business 2014 : understanding regulations for small and medium-size enterprises.
| Format: | Book |
|---|---|
| Published: |
Washington D.C.:
The World Bank,
2014.
|
| Subjects: |
| LEADER | 00461cam a2200145 7i4500 | ||
|---|---|---|---|
| 001 | 0000031701 | ||
| 005 | 20140919090000.0 | ||
| 020 | 0 | 0 | |a 9780821399842 |
| 090 | 0 | 0 | |a I 338.7 |b DOI |
| 245 | 0 | 0 | |a Doing business 2014 : |b understanding regulations for small and medium-size enterprises. |
| 260 | 0 | 0 | |a Washington D.C.: |b The World Bank, |c 2014. |
| 300 | # | # | |a 306 p. |
| 650 | 0 | 0 | |a Business |
| 650 | 0 | 0 | |a Doing business |
| 999 | |a 0000034505 |b Book |c International |e Business Information Centre | ||


